| 000 | 00862nam a22002537a 4500 | ||
|---|---|---|---|
| 003 | dpl | ||
| 005 | 20180827124144.0 | ||
| 008 | 180827b xxu||||| |||| 00| 0 eng d | ||
| 010 | _aB-062723 | ||
| 020 |
_c425.00 _a8120318455 |
||
| 035 | _aB-062723 | ||
| 037 | _bBPPD/PUB | ||
| 040 |
_aDPL _bEN _c0 |
||
| 082 |
_a005.43 _bWIL |
||
| 100 | _aWilansky, Ethan | ||
| 245 |
_aMCSE Microsoft Windows 2000 professional : _cby Ethan Wilansky _bReadiness Review / |
||
| 260 |
_aNew Delhi _bPrentice Hall of India _c2001 |
||
| 270 |
_bNew Delhi _aM-97, Connaught Circus _e110001 |
||
| 300 |
_axxii, 305p. _c24cm(Hb) |
||
| 500 | _aIncludes index | ||
| 650 |
_aElectronic data processing personnel -- Certification _936744 |
||
| 650 |
_aDirectory services (Computer network technology) -- Examinations _936745 |
||
| 942 |
_2ddc _cEN _h005.43 _mWIL |
||
| 999 |
_c156385 _d156385 |
||